| 000 | 00760cab a2200241 4500 | ||
|---|---|---|---|
| 001 | X3349 | ||
| 008 | 090401t1996 xxu||||| |||| 00| 0 eng d | ||
| 035 | _a(Sirsi) u29903 | ||
| 041 | _aeng | ||
| 100 | _aHowell, J. | ||
| 245 | _aOn the trail of the timber treaters | ||
| 260 | _c1996 | ||
| 350 | _a0 | ||
| 490 |
_aCSM (Chartered Surveyor Monthly) _v5(5) February 1996, 32-33(2) |
||
| 520 | _aLooks at the problems of toxic timber treatments, including health and safety issues, legal implications and costs. See correction in April 1996 CSM. | ||
| 650 | _aCHEMICALS | ||
| 650 |
_aHEALTH AND SAFETY _96244 |
||
| 650 | _aTIMBER TREATMENT | ||
| 650 | _aTIMBER | ||
| 690 | _aBUILT ENVIRONMENT-BUILDING MATERIALS | ||
| 942 | _n0 | ||
| 948 | _c04/03/1997 | ||
| 999 |
_c20114 _d20114 |
||